000
00306nam a22001337a 4500
008
170227b xxu||||| |||| 00| 0 eng d
020
_a
2900072469058
041
_a
eng
080
_2
4TH
_a
577
100
_a
5
101
_a
SHMB
245
_a
GENERAL, ORGANIC, AND BIOCHEMISTRY
_c
DENNISTON
942
_2
udc
_c
BK
999
_c
6348
_d
6348